skbl

Dr Suryya Kumar Bhuyan Library Web-OPAC
ডঃ সূৰ্য্য
কুমাৰ ভূঞা পুথিভঁৰাল ৱেব-অ'পেক

All Research Scholars are advised to clear the annual library fees to continue using Library Resources, Remote Access, Plagiarism Test and Library Clearance.

Cotton University Book Fair 2026

Fundamentals of Biology of Animals (Record no. 58075)

MARC details
000 -LEADER
fixed length control field 00580nam a2200193Ia 4500
001 - CONTROL NUMBER
control field 58176
008 - FIXED-LENGTH DATA ELEMENTS--GENERAL INFORMATION
fixed length control field 141215n2013 ii |||gr||||Z||||||465
020 ## - INTERNATIONAL STANDARD BOOK NUMBER
International Standard Book Number 978--81-7381-1173
082 ## - DEWEY DECIMAL CLASSIFICATION NUMBER
Classification number 590
245 #0 - TITLE STATEMENT
Title Fundamentals of Biology of Animals
Statement of responsibility, etc. Simananda Adhikari, Arup Kumar Sinha
Medium Textual Documents
250 ## - EDITION STATEMENT
Edition statement 4th ed.
260 ## - PUBLICATION, DISTRIBUTION, ETC.
Place of publication, distribution, etc. West Bengal
Name of publisher, distributor, etc. New Central Book Agency
Date of publication, distribution, etc. 2013
300 ## - PHYSICAL DESCRIPTION
Extent 287pg:
Dimensions 23cm.
653 ## - INDEX TERM--UNCONTROLLED
Uncontrolled term Animals (Zoology)
653 ## - INDEX TERM--UNCONTROLLED
Uncontrolled term Dept- Zoology
700 ## - ADDED ENTRY--PERSONAL NAME
Personal name Adhikari,Simananda ,
Relator term Author.,
700 ## - ADDED ENTRY--PERSONAL NAME
Personal name Sinha, Arup Kumar ,
Relator term Author.,
942 ## - ADDED ENTRY ELEMENTS (KOHA)
Source of classification or shelving scheme Dewey Decimal Classification
Koha item type Books
Holdings
Withdrawn status Lost status Damaged status Not for loan Collection Home library Current library Shelving location Date acquired Coded location qualifier Cost, normal purchase price Total checkouts Full call number Barcode Date last seen Copy number Price effective from Koha item type
          Dr. Suryya Kumar Bhuyan Library Dr. Suryya Kumar Bhuyan Library   15/12/2014 00000 225.00   590 Ad 42 Fu 974/Zoo 14/01/2024 1 15/12/2014 Books

Designed and Maintained by Team SKBL
©1901-2026

Powered by Koha